Tribunal Econm̤ico-Administrativo Central

Detalles Bibliográficos
Formato: Desconocido
Lenguaje:español
Publicado: Barcelona : vLex
Materias:
Acceso en línea:Acceso restringido

MARC

LEADER 00000ny a22000003n 4500
005 20110509151435.0
007 cr|||| ||||
008 100413s19989999sp ar pss 0 a0spa d
035 |a 128 
040 |a BUS  |d vLex 
090 |c 1482  |d 1482 
245 3 0 |a Tribunal Econm̤ico-Administrativo Central  |h [Recurso electrn̤ico] 
256 |a Servicio en ln̕ea 
260 |a Barcelona :  |b vLex 
300 |a 1 recurso electrn̤ico 
500 |a Sentencias del Tribunal Econm̤ico - Administrativo Central desde 1998 hasta la actualidad 
610 1 4 |a Espaą  |b Tribunal Econm̤ico - Administrativo Central 
650 0 4 |a Notario  |2 Tesauro vLex 
650 0 4 |a Civil  |2 Tesauro vLex 
650 0 4 |2 Tesauro vLex  |a Derecho registral 
650 0 4 |a Sentencias 
740 0 |a vLex Jurisprudencia (Servicios en ln̕ea) 
843 |a Electrn̤ica. Abierta 
853 |8 1  |i (year)  |j (month)  |k (day) 
856 4 0 |z Acceso restringido  |u http://vlex.com/source/teac-128 
942 |c TR 
999 0 |a Jurisprudence  |b Spain